Normal view
MARC view
- اعداد شكري، أحمد، فراس العورتاني؛ تقديم إبراهيم زيد الكيلاني
Entry Personal Name
001 - CONTROL NUMBER
- control field: 7143
003 - CONTROL NUMBER IDENTIFIER
- control field: JO-AjAnu
005 - DATE AND TIME OF LATEST TRANSACTION
- control field: 20230606071445.0
008 - FIXED-LENGTH DATA ELEMENTS
- fixed length control field: 230606|| aca||aabn | a|a d
040 ## - CATALOGING SOURCE
- Original cataloging agency: JO-AjAnu
- Transcribing agency: JO-AjAnu
100 ## - HEADING--PERSONAL NAME
- Personal name: اعداد شكري، أحمد، فراس العورتاني؛ تقديم إبراهيم زيد الكيلاني
670 ## - SOURCE DATA FOUND
- Source citation: Work cat.: (JO-AjAnu)3697: اعداد شكري، أحمد، فراس العورتاني؛ تقديم إبراهيم زيد الكيلاني, author, إعانة المريد لحفظ القرآن المجيد